00611nam a2200205 i 4500003000900000005001700009007000300026008004100029020001800070040003000088041000800118082001700126100003600143245003700179264004500216300005500261336002700316337003400343338002800377DO-SdBNP20260413091851.0ta260413b202? dr ac||| |||| 00| 0 spa d a9789945421347 aDO-SdBNPbspacBNPHUerda aspa 4axxxbxxx222 aCordero, García,eautor4aut.13aEl divino yo /cGarcía Cordero 1aSanto Domingo :bAmigo del Hogar,c202?. a190 páginas :bilustraciones, retratos ;c28 cm. atextobtxt2rdacontent asin mediación bn2rdamedia avolumenbnc2rdacarrier